| 000 | 00585nam a2200169 4500 | ||
|---|---|---|---|
| 001 | 110127 | ||
| 003 | ES-MaACL | ||
| 005 | 20230906185000.0 | ||
| 007 | t| | ||
| 008 | 061121s1906 be r ||||1| fre d | ||
| 100 | 1 |
_aOrban, O. _987148 |
|
| 245 | 1 | 3 |
_aLe droit constitutionnel de la Belgique / _cO. Orban. |
| 260 |
_aLiège : _bH.Dessani, _c1906. |
||
| 300 |
_a3 v. ; _c22 cm. |
||
| 505 | 8 | _aContiene: T. I. Introduction et theories fundamentales -- T. II. Les pouvoirs de l' Etat -- T. III. Libertés constitutionnelles et principes de législation | |
| 852 |
_aES-MaACL _jF-4441-43 |
||
| 999 |
_c110127 _d110127 |
||